000 00158nam a22000857a 4500
082 _a823
100 _aUNKNOWN
245 _aALIBABA AND FORTY THIEVES
942 _cBK
999 _c8270
_d8270